000 00432pab a2200157 454500
008 180718b1997 xxu||||| |||| 00| 0 eng d
100 _aBurgess, Simon
245 _aTransient jobs and lifetime jobs: dualism in the British labour market
260 _c1997
300 _ap.309-28
362 _aAug
650 _aLabour market
700 _aRees, Hedley
773 _aOxford Bulletin of Economics and Statistics
909 _a35469
999 _c35469
_d35469